000
00286nam a2200133Ia 4500
100
_a
Tabak/Daniel
650
_a
Microprocessors
942
_c
BK
245
_a
Advanced Microprocessors
260
_b
McGraw - Hill
_a
New Delhi
_c
1995
300
_a
523
546
_a
ENGLISH
999
_c
18555
_d
18555